| 000 | 01312nam a2200301 i 4500 | ||
|---|---|---|---|
| 003 | EG-GICUC | ||
| 005 | 20260513231239.0 | ||
| 008 | 260513s1920 us ||||fr|||| 00| 0 fre d | ||
| 040 |
_aEG-GiCUC _cEG-GiCUC _dEG-GiCUC _eRda _bfre |
||
| 082 | 0 | 4 |
_221 _a341.73 _bCO . I |
| 092 | 0 | 4 | _221 |
| 099 | _aLaw1 11 341.73 CO . I 1920 | ||
| 110 | _aLa Division De Droit International De La Dotation Carnegie Pour La Paix Internationale | ||
| 111 |
_aInstructions Adressées Aux Délégués Américains Aux Conférences De La Haye Et Leurs Rapports Officiels _d(1920: _cLa Haye) |
||
| 245 | 1 | 0 |
_aInstructions Adressées Aux Délégués Américains Aux Conférences De La Haye Et Leurs Rapports Officiels / _cLa Division De Droit International De La Dotation Carnegie Pour La Paix Internationale |
| 264 | 3 |
_aNew York : _bOxford University Press, _c1920. |
|
| 300 |
_a146 page : _billustration ; _c 24 cm. |
||
| 336 |
_2rda contenu _a texte |
||
| 337 |
_2rda medias _aOrdinateur |
||
| 338 |
_2 transporteur rda _a Ressource en ligne |
||
| 504 | _aBibliography: pages 200-250. 240-220 | ||
| 546 | _aالنص باللغة الفرنسية | ||
| 650 | 1 | 4 |
_2 _aDroit international public |
| 651 | 1 | _2 | |
| 856 | 4 | 0 | _uhttps://fll.law.cu.edu.eg/fulltext/bks/B11-08601.pdf |
| 905 | _a50 | ||
| 942 |
_2ddc _cBK _e21 _n0 |
||
| 999 |
_c76867 _d76867 |
||